000 00779nam a2200217 i 4500
001 85112
003 ES-MaACL
005 20250624193035.0
007 t|
008 041125s1930 fr ||||1| fre d
100 1 _aJosefo, Flavio.
_966979
245 1 0 _aContre Apion /
_cFavius Joséphe ; texte établi et annoté par Theodore Reinach ; traduit par Leon Blum.
260 _aParis :
_bSocieté d'Edition "Les Belles Lettres",
_c1930 (
_eChartres :
_fDurand)
300 _aXXXIX, 111 p. dup., 112-132 p. ;
_c20 cm.
490 1 _aCollection des Universités de France
700 0 _aReinach, Théodore.
_996040
700 1 _aBlum, Léon,
_d1872-1950
_929583
830 0 _aCollection des Universités de France
_9180876
852 _aES-MaACL
_jC-7839
999 _c85112
_d85112